Los cien cuentos de Boccaccio.

Saved in:
Bibliografiske detaljer
Format: Bog
Sprog:spansk
Udgivet: Barcelona, España Casa Editorial Maucci 1910
Fag:
Tags: Tilføj Tag
Ingen Tags, Vær først til at tagge denne postø!

MARC

LEADER 00000cam a2200000 a 4500
001 UCD5487
003 CL-VaPUC
005 20211008074721.0
008 160915e19100000sp |||||||||||||||||spa|d
999 |c 366148  |d 366146 
040 |c Pontificia Universidad Católica de Valparaíso 
082 0 4 |a 853 CIE 1910  |2 21 
245 1 4 |a Los cien cuentos de Boccaccio. 
260 0 3 |a Barcelona, España  |b Casa Editorial Maucci  |c 1910 
300 |a 4 tomos. 
500 |a Cotejados con los mejores textos italianos y fielmente traducidos al castellano 
583 |a last modification  |c 20160915 16:42:00  |k Rodrigo Vera 
600 0 7 |a BOCCACCIO, GIOVANNI  |2 CL-VaPUC  |9 397 
650 7 |a CUENTOS ITALIANOS  |2 CL-VaPUC  |9 310431 
650 0 |a Literatura italiana  |9 266970 
942 |c BK  |2 ddc 
945 |d 20160915 16:42:00  |a cmena 
952 |0 0  |1 0  |3 erd  |4 0  |6 853_000000000000000_CIE_1910  |7 0  |8 X  |9 480194  |a FDOBUD  |b FDOBUD  |e Villagrán Garnham, Jorge  |h t.1  |i 5239370  |o 853 CIE 1910  |p 5239370  |r 2019-11-24  |t 1  |w 2019-11-24  |y BK_X  |z Catalogado en:20160915  |k BUD 
952 |0 0  |1 0  |3 erd  |4 0  |6 853_000000000000000_CIE_1910  |7 0  |8 X  |9 480195  |a FDOBUD  |b FDOBUD  |e Villagrán Garnham, Jorge  |h t.2  |i 5239389  |o 853 CIE 1910  |p 5239389  |r 2019-11-24  |t 1  |w 2019-11-24  |y BK_X  |z Catalogado en:20160915  |k BUD 
952 |0 0  |1 0  |3 erd  |4 0  |6 853_000000000000000_CIE_1910  |7 0  |8 X  |9 480196  |a FDOBUD  |b FDOBUD  |e Villagrán Garnham, Jorge  |h t.3  |i 5239397  |o 853 CIE 1910  |p 5239397  |r 2019-11-24  |t 1  |w 2019-11-24  |y BK_X  |z Catalogado en:20160915  |k BUD 
952 |0 0  |1 0  |3 erd  |4 0  |6 853_000000000000000_CIE_1910  |7 0  |8 X  |9 480197  |a FDOBUD  |b FDOBUD  |e Villagrán Garnham, Jorge  |h t.4  |i 5239400  |o 853 CIE 1910  |p 5239400  |r 2019-11-24  |t 1  |w 2019-11-24  |y BK_X  |z Catalogado en:20160915  |k BUD